[Event "EYCC 2024 - O14"]
[Site "?"]
[Date "2024.08.24"]
[Round "3.1"]
[White "Battistelli, Fausto"]
[Black "Nemitz, Alfred"]
[Result "0-1"]
[BlackElo "2201"]
[WhiteElo "2011"]
[LiveChessVersion "1.4.8"]

1. e4 {[%clk 1:30:50]} d5 {[%clk 1:30:55]} 2. exd5 {[%clk 1:30:44]} Nf6
{[%clk 1:31:19]} 3. Bb5+ {[%clk 1:27:32]} Bd7 {[%clk 1:31:31]} 4. Bc4
{[%clk 1:27:51]} Bg4 {[%clk 1:31:53]} 5. f3 {[%clk 1:28:13]} Bf5 {[%clk 1:31:24]}
6. Nc3 {[%clk 1:28:28]} c6 {[%clk 1:31:51]} 7. d4 {[%clk 1:03:41]} cxd5
{[%clk 1:29:09]} 8. Bb3 {[%clk 1:03:38]} e6 {[%clk 1:26:50]} 9. Nge2
{[%clk 1:04:04]} Nc6 {[%clk 1:27:16]} 10. Bf4 {[%clk 1:02:57]} Be7
{[%clk 1:18:34]} 11. Qd2 {[%clk 1:00:44]} a6 {[%clk 1:18:14]} 12. Nd1
{[%clk 0:43:23]} O-O {[%clk 0:57:55]} 13. Nf2 {[%clk 0:30:04]} Bg6
{[%clk 0:57:25]} 14. Nd3 {[%clk 0:25:39]} Qb6 {[%clk 0:54:27]} 15. Ne5
{[%clk 0:24:22]} Nxe5 {[%clk 0:54:09]} 16. Bxe5 {[%clk 0:24:24]} a5
{[%clk 0:53:13]} 17. c3 {[%clk 0:23:52]} a4 {[%clk 0:51:26]} 18. Bd1
{[%clk 0:22:31]} Nd7 {[%clk 0:44:38]} 19. Bg3 {[%clk 0:19:54]} Qa5
{[%clk 0:42:12]} 20. h4 {[%clk 0:17:00]} Nb6 {[%clk 0:39:20]} 21. Bc7
{[%clk 0:15:11]} h6 {[%clk 0:37:43]} 22. Nf4 {[%clk 0:14:16]} Bh7
{[%clk 0:37:30]} 23. Qe2 {[%clk 0:10:21]} Qa6 {[%clk 0:24:18]} 24. Nxe6
{[%clk 0:05:05]} Bd3 {[%clk 0:22:13]} 25. Qd2 {[%clk 0:04:41]} fxe6
{[%clk 0:21:25]} 26. Bxb6 {[%clk 0:05:05]} Qxb6 {[%clk 0:21:49]} 27. Qxd3
{[%clk 0:05:25]} Qxb2 {[%clk 0:22:13]} 28. Rb1 {[%clk 0:05:18]} Qxg2
{[%clk 0:22:27]} 29. Qf1 {[%clk 0:05:28]} Qxa2 {[%clk 0:13:08]} 30. Rxb7
{[%clk 0:05:31]} Rf7 {[%clk 0:13:34]} 31. Qe2 {[%clk 0:03:32]} Bxh4+
{[%clk 0:13:01]} 32. Rxh4 {[%clk 0:03:21]} Qxe2+ {[%clk 0:13:29]} 0-1

[Event "EYCC 2024 - O14"]
[Site "?"]
[Date "2024.08.24"]
[Round "3.2"]
[White "Zander, Emil"]
[Black "Lehocz, Jozsef Jr."]
[Result "1/2-1/2"]
[BlackElo "2069"]
[WhiteElo "2152"]
[LiveChessVersion "1.4.8"]

1. e4 {[%clk 1:30:54]} c5 {[%clk 1:30:37]} 2. Nf3 {[%clk 1:31:15]} Nc6
{[%clk 1:30:13]} 3. d4 {[%clk 1:31:24]} cxd4 {[%clk 1:30:31]} 4. Nxd4
{[%clk 1:31:45]} g6 {[%clk 1:28:21]} 5. c4 {[%clk 1:30:36]} Bg7 {[%clk 1:28:23]}
6. Be3 {[%clk 1:30:44]} Nf6 {[%clk 1:28:08]} 7. Nc3 {[%clk 1:30:08]} Ng4
{[%clk 1:27:27]} 8. Qxg4 {[%clk 1:30:08]} Nxd4 {[%clk 1:27:22]} 9. Qd1
{[%clk 1:30:00]} Ne6 {[%clk 1:27:08]} 10. Qd2 {[%clk 1:28:14]} Qa5
{[%clk 1:26:19]} 11. Rc1 {[%clk 1:26:01]} b6 {[%clk 1:25:32]} 12. Be2
{[%clk 1:25:00]} Bb7 {[%clk 1:25:07]} 13. O-O {[%clk 1:24:27]} Bxc3
{[%clk 1:05:10]} 14. Rxc3 {[%clk 1:24:15]} Bxe4 {[%clk 1:04:23]} 15. Bh6
{[%clk 1:03:24]} f6 {[%clk 0:48:14]} 16. h4 {[%clk 0:53:16]} Kf7 {[%clk 0:26:58]}
17. Re1 {[%clk 0:38:03]} Rad8 {[%clk 0:24:45]} 18. Bd1 Bb7 {[%clk 0:23:42]} 19.
Qe2 {[%clk 0:36:19]} Qc5 {[%clk 0:23:42]} 20. Re3 {[%clk 0:30:39]} Qc6
{[%clk 0:23:12]} 21. Qg4 {[%clk 0:23:45]} f5 {[%clk 0:20:37]} 22. Qg3
{[%clk 0:23:36]} Qxc4 {[%clk 0:13:32]} 23. Bb3 {[%clk 0:23:36]} Qg4
{[%clk 0:13:04]} 24. Rxe6 {[%clk 0:23:47]} dxe6 {[%clk 0:12:56]} 25. Bxe6+ Ke8
{[%clk 0:11:20]} 26. Qxg4 {[%clk 0:18:29]} fxg4 {[%clk 0:11:45]} 27. Bg7
{[%clk 0:17:55]} Rf8 {[%clk 0:12:06]} 28. Bxf8 {[%clk 0:17:34]} Kxf8
{[%clk 0:12:31]} 29. Bxg4 {[%clk 0:17:55]} Rd2 {[%clk 0:12:11]} 30. Re2 Rd4
{[%clk 0:11:29]} 31. f3 {[%clk 0:16:06]} h5 {[%clk 0:09:24]} 32. Be6 Rxh4
{[%clk 0:06:45]} 33. Rc2 {[%clk 0:15:51]} Rd4 {[%clk 0:00:42]} 34. Rc7
{[%clk 0:16:08]} Ba6 {[%clk 0:00:49]} 35. b3 {[%clk 0:15:31]} Rd1+
{[%clk 0:01:00]} 36. Kh2 {[%clk 0:15:52]} Rd2 {[%clk 0:01:06]} 37. Rxa7
{[%clk 0:16:16]} Bf1 {[%clk 0:01:09]} 38. Bh3 {[%clk 0:16:41]} g5 39. Kg3
{[%clk 0:15:14]} Kf7 {[%clk 0:00:42]} 40. Rb7 {[%clk 0:15:16]} Rxa2
{[%clk 0:00:50]} 41. Rxb6 {[%clk 0:15:39]} Rb2 {[%clk 0:00:45]} 42. Rb4
{[%clk 0:15:06]} Be2 {[%clk 0:00:36]} 43. Re4 {[%clk 0:15:03]} g4
{[%clk 0:00:57]} 44. fxg4 {[%clk 0:15:07]} hxg4 45. Bxg4 {[%clk 0:15:09]} 1/2-1/2

[Event "EYCC 2024 - O14"]
[Site "?"]
[Date "2024.08.24"]
[Round "3.3"]
[White "Banerjee, Aryan"]
[Black "Federer, Colin"]
[Result "1/2-1/2"]
[BlackElo "2151"]
[WhiteElo "1995"]
[LiveChessVersion "1.4.8"]

1. d4 {[%clk 1:30:55]} Nf6 {[%clk 1:30:56]} 2. c4 {[%clk 1:31:16]} g6
{[%clk 1:31:22]} 3. g3 {[%clk 1:31:39]} Bg7 {[%clk 1:31:01]} 4. Bg2
{[%clk 1:31:59]} d5 {[%clk 1:29:39]} 5. Nf3 {[%clk 1:32:17]} O-O {[%clk 1:29:58]}
6. O-O {[%clk 1:32:41]} Nc6 {[%clk 1:30:16]} 7. Nc3 {[%clk 1:29:28]} dxc4
{[%clk 1:30:07]} 8. d5 {[%clk 1:27:47]} Nb4 {[%clk 1:27:03]} 9. Qa4
{[%clk 1:14:22]} Nbxd5 {[%clk 1:23:18]} 10. Rd1 {[%clk 1:13:52]} Nxc3
{[%clk 1:17:34]} 11. bxc3 {[%clk 1:14:05]} Nd7 {[%clk 1:17:42]} 12. Qxc4
{[%clk 1:13:30]} Nb6 {[%clk 1:16:50]} 13. Qb3 {[%clk 1:13:33]} Bd7
{[%clk 1:14:27]} 14. Bh3 {[%clk 1:01:57]} Qc8 {[%clk 1:08:34]} 15. Bxd7
{[%clk 1:01:37]} Nxd7 {[%clk 1:07:13]} 16. Ba3 {[%clk 1:02:00]} c5
{[%clk 1:02:16]} 17. Rd2 {[%clk 0:56:44]} Nf6 {[%clk 0:59:14]} 18. Qc4
{[%clk 0:55:52]} b6 {[%clk 0:58:48]} 19. Rad1 {[%clk 0:54:02]} Qc7
{[%clk 0:51:51]} 20. Bb2 {[%clk 0:47:59]} Rad8 {[%clk 0:48:56]} 21. Qa4
{[%clk 0:37:56]} Rxd2 {[%clk 0:40:55]} 22. Rxd2 {[%clk 0:38:12]} Rd8
{[%clk 0:40:29]} 23. Qd1 {[%clk 0:38:19]} Rxd2 {[%clk 0:39:20]} 24. Qxd2
{[%clk 0:38:44]} Ne4 {[%clk 0:36:28]} 25. Qd3 {[%clk 0:37:11]} Nd6
{[%clk 0:27:59]} 26. e4 {[%clk 0:35:16]} c4 {[%clk 0:26:00]} 27. Qe2
{[%clk 0:32:06]} Qc6 {[%clk 0:24:34]} 28. e5 {[%clk 0:32:17]} Qe4
{[%clk 0:23:57]} 29. Qxe4 {[%clk 0:29:16]} Nxe4 {[%clk 0:24:24]} 30. Kf1
{[%clk 0:29:21]} Nc5 {[%clk 0:19:08]} 31. Bc1 {[%clk 0:28:12]} Nd3
{[%clk 0:15:16]} 32. Bf4 {[%clk 0:28:31]} f6 {[%clk 0:15:05]} 33. exf6
{[%clk 0:28:47]} Bxf6 {[%clk 0:14:35]} 34. Bd2 {[%clk 0:29:11]} Kf7
{[%clk 0:14:22]} 35. Ke2 {[%clk 0:29:27]} Ke6 {[%clk 0:14:08]} 36. Ng5+
{[%clk 0:29:11]} Bxg5 {[%clk 0:14:04]} 37. Bxg5 {[%clk 0:29:34]} Kd6
{[%clk 0:12:12]} 38. h4 {[%clk 0:23:28]} b5 {[%clk 0:10:19]} 39. a3
{[%clk 0:23:03]} h5 {[%clk 0:09:57]} 40. f3 {[%clk 0:20:00]} e6 {[%clk 0:04:46]}
41. g4 {[%clk 0:20:00]} Ne5 {[%clk 0:04:17]} 42. gxh5 {[%clk 0:20:19]} gxh5
{[%clk 0:04:45]} 43. Ke3 {[%clk 0:18:59]} Nc6 {[%clk 0:04:00]} 44. Ke4
{[%clk 0:18:51]} a5 {[%clk 0:03:33]} 45. Bh6 {[%clk 0:17:36]} Ke7
{[%clk 0:03:37]} 46. Be3 {[%clk 0:16:25]} Kd6 {[%clk 0:02:37]} 47. Bh6
{[%clk 0:16:24]} Ne7 {[%clk 0:02:03]} 48. Bf4+ {[%clk 0:15:17]} Kd7
{[%clk 0:02:26]} 49. Bg3 {[%clk 0:14:47]} Ng6 {[%clk 0:02:17]} 50. Be1
{[%clk 0:14:17]} Kd6 {[%clk 0:02:38]} 51. Bg3+ {[%clk 0:14:14]} Kc6
{[%clk 0:03:07]} 52. Be1 {[%clk 0:14:17]} Kd7 {[%clk 0:02:18]} 53. Bf2
{[%clk 0:14:15]} Ne7 {[%clk 0:01:19]} 54. Be1 {[%clk 0:14:21]} Nd5
{[%clk 0:01:31]} 55. f4 {[%clk 0:13:51]} b4 {[%clk 0:00:33]} 56. cxb4
{[%clk 0:14:06]} axb4 {[%clk 0:00:59]} 57. axb4 {[%clk 0:13:47]} c3
{[%clk 0:01:14]} 58. Bxc3 {[%clk 0:06:25]} Nxc3+ {[%clk 0:01:19]} 59. Ke5
{[%clk 0:06:49]} Nd5 {[%clk 0:00:56]} 60. f5 {[%clk 0:07:02]} Nxb4
{[%clk 0:01:00]} 61. fxe6+ {[%clk 0:07:04]} Ke7 {[%clk 0:01:20]} 62. Kf5
{[%clk 0:06:54]} Nd5 {[%clk 0:01:42]} 63. Kg6 {[%clk 0:06:25]} Nf6
{[%clk 0:01:51]} 64. Kf5 {[%clk 0:06:42]} Ne8 {[%clk 0:01:58]} 65. Kg6
{[%clk 0:06:48]} Nf6 {[%clk 0:02:02]} 66. Kf5 {[%clk 0:07:06]} Nh7
{[%clk 0:01:36]} 67. Kg6 {[%clk 0:07:14]} Kxe6 {[%clk 0:01:45]} 68. Kxh5
{[%clk 0:07:30]} 1/2-1/2

[Event "EYCC 2024 - O14"]
[Site "?"]
[Date "2024.08.24"]
[Round "3.4"]
[White "Beliman, Alexandro"]
[Black "Horvath, Andras"]
[Result "1-0"]
[BlackElo "1966"]
[WhiteElo "2144"]
[LiveChessVersion "1.4.8"]

1. e4 {[%clk 1:30:59]} e5 {[%clk 1:30:47]} 2. Nf3 {[%clk 1:31:25]} Nc6
{[%clk 1:31:10]} 3. Bb5 {[%clk 1:31:51]} f5 {[%clk 1:31:31]} 4. d3
{[%clk 1:31:37]} fxe4 {[%clk 1:31:54]} 5. dxe4 {[%clk 1:32:06]} Nf6
{[%clk 1:32:05]} 6. O-O {[%clk 1:30:36]} Bc5 {[%clk 1:32:30]} 7. Bxc6
{[%clk 1:25:36]} bxc6 {[%clk 1:32:46]} 8. Nxe5 {[%clk 1:25:40]} O-O
{[%clk 1:32:48]} 9. Nc3 {[%clk 1:25:56]} d6 {[%clk 1:27:52]} 10. Na4
{[%clk 1:22:03]} Nxe4 {[%clk 0:42:04]} 11. Nxc5 {[%clk 1:14:31]} Nxc5
{[%clk 0:42:18]} 12. Nxc6 {[%clk 1:08:47]} Qe8 {[%clk 0:38:22]} 13. Nd4
{[%clk 1:07:08]} Qg6 {[%clk 0:37:11]} 14. f3 {[%clk 1:03:51]} Ba6
{[%clk 0:34:13]} 15. Re1 {[%clk 0:58:32]} Rae8 {[%clk 0:29:35]} 16. Be3
{[%clk 0:51:08]} Nd7 {[%clk 0:28:49]} 17. Bf2 {[%clk 0:32:03]} Ne5
{[%clk 0:26:39]} 18. Bg3 {[%clk 0:29:32]} Bb7 {[%clk 0:25:35]} 19. f4
{[%clk 0:15:51]} Nc4 {[%clk 0:22:48]} 20. f5 {[%clk 0:13:29]} Qh6
{[%clk 0:22:49]} 21. Qd3 {[%clk 0:10:08]} Ne3 {[%clk 0:10:11]} 22. Ne6
{[%clk 0:04:22]} Nxg2 {[%clk 0:07:09]} 23. Re2 {[%clk 0:04:30]} Nh4
{[%clk 0:04:02]} 24. Nxf8 {[%clk 0:04:03]} Nf3+ {[%clk 0:04:21]} 25. Kf2
{[%clk 0:04:24]} Rxe2+ {[%clk 0:04:21]} 26. Qxe2 {[%clk 0:03:46]} Kxf8
{[%clk 0:04:44]} 27. Qe3 {[%clk 0:02:16]} Ng5 {[%clk 0:03:33]} 28. Qe2
{[%clk 0:00:37]} Ne4+ {[%clk 0:03:00]} 29. Ke1 {[%clk 0:00:41]} a6
{[%clk 0:01:18]} 30. Rd1 {[%clk 0:00:36]} Qg5 {[%clk 0:01:04]} 31. Rd3
{[%clk 0:00:34]} Qc1+ {[%clk 0:01:25]} 32. Qd1 {[%clk 0:00:59]} Qg5
{[%clk 0:01:15]} 33. Qe2 {[%clk 0:00:36]} h5 {[%clk 0:01:04]} 34. Qe3
{[%clk 0:00:44]} Qg4 {[%clk 0:00:56]} 35. Qf4 {[%clk 0:00:39]} Qh3
{[%clk 0:00:39]} 36. Qf1 {[%clk 0:00:52]} Qg4 {[%clk 0:00:48]} 37. Qf4
{[%clk 0:01:20]} Qh3 {[%clk 0:01:10]} 38. Qf3 {[%clk 0:00:59]} Kg8
{[%clk 0:00:52]} 39. Re3 {[%clk 0:00:40]} Nxg3 {[%clk 0:00:35]} 40. Qxg3
{[%clk 0:00:40]} Qxf5 {[%clk 0:00:50]} 41. Qf2 {[%clk 0:00:38]} Qa5+
{[%clk 0:00:50]} 42. c3 {[%clk 0:00:53]} Bc6 {[%clk 0:00:47]} 43. a3
{[%clk 0:00:43]} Qg5 {[%clk 0:01:01]} 44. Rg3 {[%clk 0:00:44]} Qe5+
{[%clk 0:01:14]} 45. Qe3 {[%clk 0:01:13]} Qf5 {[%clk 0:00:39]} 46. Qd3
{[%clk 0:01:02]} Qc5 {[%clk 0:00:35]} 47. Qd4 {[%clk 0:01:15]} Qe5+
{[%clk 0:00:32]} 48. Qxe5 {[%clk 0:01:41]} dxe5 {[%clk 0:00:54]} 49. Rg5
{[%clk 0:02:07]} 1-0

[Event "EYCC 2024 - O14"]
[Site "?"]
[Date "2024.08.24"]
[Round "3.6"]
[White "Karacsonyi, Bank"]
[Black "Boulos, Paul"]
[Result "0-1"]
[BlackElo "2083"]
[WhiteElo "1913"]
[LiveChessVersion "1.4.8"]

1. e4 {[%clk 1:30:57]} c5 {[%clk 1:30:55]} 2. Nf3 {[%clk 1:31:22]} e6
{[%clk 1:31:15]} 3. d4 {[%clk 1:31:47]} cxd4 {[%clk 1:31:39]} 4. Nxd4
{[%clk 1:32:12]} Nf6 {[%clk 1:32:02]} 5. Nc3 {[%clk 1:32:35]} Nc6
{[%clk 1:31:58]} 6. Ndb5 {[%clk 1:32:57]} Bb4 {[%clk 1:32:15]} 7. a3
{[%clk 1:33:22]} Bxc3+ {[%clk 1:32:32]} 8. Nxc3 {[%clk 1:33:49]} d5
{[%clk 1:32:44]} 9. exd5 {[%clk 1:34:14]} exd5 {[%clk 1:33:10]} 10. Bd3
{[%clk 1:34:38]} O-O {[%clk 1:33:04]} 11. O-O {[%clk 1:35:03]} d4
{[%clk 1:33:19]} 12. Ne2 {[%clk 1:35:28]} Bg4 {[%clk 1:33:29]} 13. f3
{[%clk 1:35:56]} Bh5 {[%clk 1:33:25]} 14. Bg5 {[%clk 1:36:20]} Qd6
{[%clk 1:32:03]} 15. Qd2 {[%clk 1:32:20]} Bg6 {[%clk 1:27:28]} 16. Rad1
{[%clk 1:28:44]} Rad8 {[%clk 1:21:50]} 17. Ng3 {[%clk 1:19:14]} Rfe8
{[%clk 1:13:03]} 18. Bxg6 {[%clk 1:08:51]} hxg6 {[%clk 1:12:33]} 19. f4
{[%clk 1:05:38]} Qc5 {[%clk 0:59:13]} 20. Kh1 {[%clk 1:01:21]} Rd5
{[%clk 0:47:38]} 21. f5 {[%clk 0:51:38]} Nh5 {[%clk 0:34:55]} 22. Nxh5
{[%clk 0:43:28]} gxh5 {[%clk 0:34:49]} 23. b4 {[%clk 0:42:51]} Qb5
{[%clk 0:30:53]} 24. c4 {[%clk 0:34:54]} Qxc4 {[%clk 0:30:32]} 25. Bh6
{[%clk 0:30:07]} Qe2 {[%clk 0:17:41]} 26. Rfe1 {[%clk 0:27:18]} d3
{[%clk 0:17:27]} 27. Qc3 {[%clk 0:26:46]} gxh6 {[%clk 0:16:48]} 28. Rxe2
{[%clk 0:26:00]} dxe2 {[%clk 0:17:10]} 29. Re1 {[%clk 0:24:45]} Rd1
{[%clk 0:16:26]} 30. f6 {[%clk 0:22:25]} Rxe1+ {[%clk 0:14:24]} 31. Qxe1
{[%clk 0:22:49]} Re3 {[%clk 0:12:00]} 32. g4 {[%clk 0:18:50]} h4 {[%clk 0:09:35]}
33. Kg2 {[%clk 0:18:31]} Nd4 {[%clk 0:08:57]} 34. g5 {[%clk 0:17:47]} Nc2
{[%clk 0:08:06]} 35. Qd2 {[%clk 0:17:52]} e1=Q {[%clk 0:08:19]} 0-1

[Event "EYCC 2024 - O14"]
[Site "?"]
[Date "2024.08.24"]
[Round "3.7"]
[White "Makrylakis, Iason"]
[Black "Brzezina, Piotr"]
[Result "0-1"]
[BlackElo "2341"]
[WhiteElo "1941"]
[LiveChessVersion "1.4.8"]

1. e4 {[%clk 1:30:57]} c5 {[%clk 1:29:35]} 2. c3 {[%clk 1:31:23]} d5
{[%clk 1:30:00]} 3. exd5 {[%clk 1:31:50]} Qxd5 {[%clk 1:30:23]} 4. d4
{[%clk 1:32:16]} Nf6 {[%clk 1:30:38]} 5. Nf3 {[%clk 1:32:39]} e6 {[%clk 1:30:47]}
6. Na3 {[%clk 1:32:56]} a6 {[%clk 1:31:08]} 7. Nc4 {[%clk 1:33:18]} Nbd7
{[%clk 1:31:34]} 8. a4 {[%clk 1:33:27]} cxd4 {[%clk 1:31:38]} 9. Qxd4
{[%clk 1:31:40]} Bc5 {[%clk 1:31:50]} 10. Qxd5 {[%clk 1:32:03]} Nxd5
{[%clk 1:31:51]} 11. Bd3 {[%clk 1:31:30]} b6 {[%clk 1:31:33]} 12. Ng5
{[%clk 1:23:57]} Bb7 {[%clk 1:20:22]} 13. Ne4 {[%clk 1:22:14]} O-O
{[%clk 1:17:26]} 14. O-O {[%clk 1:14:20]} a5 {[%clk 1:09:25]} 15. Ncd6
{[%clk 0:47:55]} Bxd6 {[%clk 0:49:09]} 16. Nxd6 {[%clk 0:48:14]} Nc5
{[%clk 0:45:30]} 17. Bb5 {[%clk 0:40:47]} Ba6 {[%clk 0:44:37]} 18. Rd1
{[%clk 0:41:03]} Rad8 {[%clk 0:32:52]} 19. Bxa6 Nxa6 {[%clk 0:32:42]} 20. Nb5
{[%clk 0:36:35]} Nc5 {[%clk 0:31:17]} 21. Nd4 {[%clk 0:35:31]} f6
{[%clk 0:27:36]} 22. Nc6 {[%clk 0:22:03]} Rd7 {[%clk 0:24:40]} 23. b4
{[%clk 0:19:23]} Nxc3 {[%clk 0:18:13]} 24. Rxd7 {[%clk 0:19:48]} Nxd7
{[%clk 0:18:39]} 25. bxa5 {[%clk 0:20:14]} Ne2+ {[%clk 0:16:53]} 26. Kf1
{[%clk 0:18:21]} Nxc1 {[%clk 0:17:06]} 27. Rxc1 {[%clk 0:18:39]} bxa5
{[%clk 0:17:30]} 28. Rb1 {[%clk 0:18:05]} Nc5 {[%clk 0:16:21]} 29. Nxa5
{[%clk 0:17:28]} Ra8 {[%clk 0:15:40]} 30. Nc6 {[%clk 0:16:33]} Rxa4
{[%clk 0:15:05]} 31. Rb2 {[%clk 0:11:19]} h6 {[%clk 0:11:24]} 32. Ke2
{[%clk 0:10:44]} Ra6 {[%clk 0:11:25]} 33. Nb4 {[%clk 0:09:40]} Rb6
{[%clk 0:10:50]} 34. Rc2 {[%clk 0:09:25]} Nb3 {[%clk 0:11:07]} 35. Rc8+
{[%clk 0:08:52]} Kh7 {[%clk 0:11:30]} 36. Nd3 {[%clk 0:08:06]} e5
{[%clk 0:11:17]} 37. Ke3 {[%clk 0:08:13]} Nd4 {[%clk 0:11:24]} 38. f4
{[%clk 0:05:31]} Nf5+ {[%clk 0:11:45]} 39. Kd2 {[%clk 0:03:17]} e4
{[%clk 0:09:02]} 40. Ne1 {[%clk 0:02:57]} Rb2+ {[%clk 0:06:31]} 41. Rc2
{[%clk 0:02:31]} Rb1 {[%clk 0:02:33]} 42. g4 {[%clk 0:01:46]} Ne7
{[%clk 0:00:42]} 43. Rc4 {[%clk 0:01:41]} e3+ {[%clk 0:00:50]} 44. Ke2
{[%clk 0:01:51]} Nd5 {[%clk 0:01:15]} 45. f5 {[%clk 0:01:16]} Rb2+
{[%clk 0:00:33]} 46. Rc2 {[%clk 0:01:05]} Rb3 {[%clk 0:00:32]} 47. Kf3
{[%clk 0:00:42]} h5 {[%clk 0:00:35]} 48. Re2 {[%clk 0:00:46]} hxg4+
{[%clk 0:00:46]} 49. Kxg4 {[%clk 0:01:15]} Rb4+ {[%clk 0:01:04]} 50. Kg3
{[%clk 0:01:13]} Kh6 {[%clk 0:00:42]} 51. Ng2 {[%clk 0:01:02]} Kh5
{[%clk 0:00:32]} 52. Nxe3 {[%clk 0:00:48]} Rb3 {[%clk 0:00:53]} 53. Kf2
{[%clk 0:00:56]} Nxe3 {[%clk 0:00:51]} 54. Rxe3 {[%clk 0:01:19]} Rxe3
{[%clk 0:01:18]} 55. Kxe3 Kg5 {[%clk 0:01:23]} 56. Ke4 {[%clk 0:01:37]} Kg4
{[%clk 0:01:47]} 57. Ke3 {[%clk 0:01:34]} Kxf5 {[%clk 0:01:37]} 58. Kf3
{[%clk 0:01:56]} g5 {[%clk 0:01:56]} 59. h3 {[%clk 0:02:20]} Ke5 {[%clk 0:01:27]}
60. Kg4 {[%clk 0:01:38]} Ke4 {[%clk 0:01:25]} 61. Kh5 {[%clk 0:01:42]} Kf4
{[%clk 0:01:20]} 62. Kg6 {[%clk 0:02:07]} f5 {[%clk 0:01:29]} 0-1

[Event "EYCC 2024 - O14"]
[Site "?"]
[Date "2024.08.24"]
[Round "3.8"]
[White "Marin Ferragut, Pau"]
[Black "Afek, Itay"]
[Result "1/2-1/2"]
[BlackElo "1940"]
[WhiteElo "2338"]
[LiveChessVersion "1.4.8"]

1. e4 {[%clk 1:30:46]} c6 {[%clk 1:30:57]} 2. c4 {[%clk 1:30:59]} d5
{[%clk 1:31:21]} 3. exd5 {[%clk 1:31:01]} cxd5 {[%clk 1:31:49]} 4. cxd5
{[%clk 1:30:46]} Nf6 {[%clk 1:32:11]} 5. Nc3 {[%clk 1:31:04]} Nxd5
{[%clk 1:32:05]} 6. Nf3 {[%clk 1:30:54]} Nc6 {[%clk 1:32:22]} 7. Bb5
{[%clk 1:30:37]} Nc7 {[%clk 1:28:42]} 8. Ba4 {[%clk 1:23:35]} g6 {[%clk 1:23:27]}
9. d4 {[%clk 1:07:58]} Bg7 {[%clk 1:19:48]} 10. O-O {[%clk 1:05:52]} O-O
{[%clk 1:16:06]} 11. d5 {[%clk 1:04:26]} Nb4 {[%clk 1:06:05]} 12. Bb3
{[%clk 1:04:19]} Bf5 {[%clk 1:03:37]} 13. Bg5 {[%clk 1:00:38]} Qd6
{[%clk 0:54:38]} 14. Qd2 {[%clk 0:51:34]} Nba6 {[%clk 0:43:30]} 15. Rfe1
{[%clk 0:45:37]} Bf6 {[%clk 0:39:21]} 16. Nd4 {[%clk 0:41:20]} Bxd4
{[%clk 0:32:49]} 17. Bxe7 {[%clk 0:27:58]} Bxc3 {[%clk 0:29:41]} 18. bxc3
{[%clk 0:27:50]} Qb6 {[%clk 0:26:14]} 19. Qh6 {[%clk 0:19:14]} Rfe8
{[%clk 0:23:12]} 20. d6 {[%clk 0:19:36]} Rxe7 {[%clk 0:22:50]} 21. Rxe7
{[%clk 0:20:00]} Ne6 {[%clk 0:21:44]} 22. Rxf7 {[%clk 0:20:29]} Kxf7
{[%clk 0:21:03]} 23. Qxh7+ {[%clk 0:20:57]} Kf8 {[%clk 0:20:40]} 24. Qe7+
{[%clk 0:13:58]} Kg8 {[%clk 0:21:05]} 25. Bxe6+ {[%clk 0:14:21]} Bxe6
{[%clk 0:21:09]} 26. Qxe6+ {[%clk 0:14:50]} Kg7 {[%clk 0:20:46]} 27. Qe5+
{[%clk 0:14:24]} Kh7 {[%clk 0:19:27]} 28. Qe7+ {[%clk 0:14:13]} Kg8
{[%clk 0:19:20]} 29. d7 {[%clk 0:14:05]} Rf8 {[%clk 0:18:51]} 30. Kh1
{[%clk 0:09:19]} Nc5 {[%clk 0:18:00]} 31. Rd1 {[%clk 0:05:56]} Ne6
{[%clk 0:15:56]} 32. h3 {[%clk 0:02:58]} Nd8 {[%clk 0:16:08]} 33. Rd6
{[%clk 0:01:53]} Qb1+ {[%clk 0:16:34]} 34. Kh2 {[%clk 0:02:18]} Qf5
{[%clk 0:16:08]} 35. f3 {[%clk 0:02:07]} Qf4+ {[%clk 0:15:28]} 36. Kg1
{[%clk 0:02:29]} Qc1+ {[%clk 0:15:06]} 37. Kh2 {[%clk 0:01:56]} Qf4+
{[%clk 0:15:30]} 38. Kg1 {[%clk 0:01:29]} Qc1+ {[%clk 0:15:58]} 39. Kh2
{[%clk 0:00:41]} Qf4+ {[%clk 0:16:20]} 1/2-1/2

[Event "EYCC 2024 - O14"]
[Site "?"]
[Date "2024.08.24"]
[Round "3.9"]
[White "Lukhi, Neev"]
[Black "Balint, Peter"]
[Result "0-1"]
[BlackElo "2336"]
[WhiteElo "1934"]
[LiveChessVersion "1.4.8"]

1. d4 {[%clk 1:30:59]} Nf6 {[%clk 1:30:50]} 2. Bf4 {[%clk 1:31:18]} g6
{[%clk 1:31:14]} 3. Nf3 {[%clk 1:31:34]} Bg7 {[%clk 1:31:36]} 4. e3
{[%clk 1:31:57]} O-O {[%clk 1:32:00]} 5. h3 {[%clk 1:31:46]} b6 {[%clk 1:32:16]}
6. Be2 {[%clk 1:31:53]} Bb7 {[%clk 1:32:32]} 7. O-O {[%clk 1:31:26]} d6
{[%clk 1:32:54]} 8. c4 {[%clk 1:31:07]} Nbd7 {[%clk 1:29:56]} 9. Bh2
{[%clk 1:31:26]} Re8 {[%clk 1:27:10]} 10. Nc3 {[%clk 1:26:33]} e5
{[%clk 1:26:43]} 11. Qc2 {[%clk 1:16:16]} Qe7 {[%clk 1:12:03]} 12. Rfe1
{[%clk 1:09:39]} h5 {[%clk 1:08:59]} 13. Rad1 {[%clk 0:56:35]} e4
{[%clk 1:06:27]} 14. Nd2 {[%clk 0:54:45]} Nf8 {[%clk 1:04:35]} 15. b4
{[%clk 0:49:07]} N8h7 {[%clk 0:45:38]} 16. Nb3 {[%clk 0:45:37]} Bc8
{[%clk 0:38:10]} 17. c5 {[%clk 0:40:08]} Rd8 {[%clk 0:33:14]} 18. Nd2
{[%clk 0:22:11]} Bf5 {[%clk 0:24:13]} 19. cxd6 {[%clk 0:15:45]} cxd6
{[%clk 0:24:37]} 20. Nb5 {[%clk 0:16:09]} a6 {[%clk 0:22:00]} 21. Qc7
{[%clk 0:15:05]} Rd7 {[%clk 0:19:17]} 22. Qc6 {[%clk 0:14:44]} Rad8
{[%clk 0:19:42]} 23. Na3 {[%clk 0:14:03]} b5 {[%clk 0:18:43]} 24. Rc1
{[%clk 0:13:40]} Bf8 {[%clk 0:17:57]} 25. Nab1 {[%clk 0:11:52]} Ra7
{[%clk 0:17:22]} 26. a4 {[%clk 0:09:42]} Rb8 {[%clk 0:10:32]} 27. Nc3
{[%clk 0:03:34]} Bd7 {[%clk 0:09:20]} 28. Nd5 {[%clk 0:03:34]} Qe8
{[%clk 0:09:03]} 29. Nxf6+ {[%clk 0:02:50]} Nxf6 {[%clk 0:09:29]} 30. Qc3
{[%clk 0:02:20]} bxa4 {[%clk 0:09:49]} 31. Nc4 {[%clk 0:02:05]} Nd5
{[%clk 0:09:11]} 32. Qa3 {[%clk 0:02:29]} Qe6 {[%clk 0:08:19]} 33. Rb1
{[%clk 0:02:27]} Bb5 {[%clk 0:08:12]} 34. Na5 {[%clk 0:01:32]} Rc8
{[%clk 0:08:10]} 35. Bxb5 {[%clk 0:01:41]} axb5 {[%clk 0:08:36]} 36. Rbc1
{[%clk 0:01:50]} Rac7 {[%clk 0:08:44]} 37. Rxc7 {[%clk 0:01:50]} Rxc7
{[%clk 0:09:09]} 38. Rc1 {[%clk 0:02:13]} Qc8 {[%clk 0:09:35]} 39. Rxc7
{[%clk 0:02:15]} Qxc7 {[%clk 0:10:02]} 40. g4 {[%clk 0:02:41]} hxg4
{[%clk 0:10:24]} 41. hxg4 {[%clk 0:03:06]} Qd7 {[%clk 0:10:47]} 42. Qa2
{[%clk 0:02:34]} Qxg4+ {[%clk 0:11:10]} 43. Kf1 {[%clk 0:02:39]} Qd1+
{[%clk 0:10:56]} 44. Kg2 {[%clk 0:02:58]} Qf3+ {[%clk 0:11:22]} 45. Kg1
{[%clk 0:02:41]} Nc3 {[%clk 0:11:41]} 46. Qb2 {[%clk 0:02:50]} Qd1+
{[%clk 0:10:14]} 47. Kg2 {[%clk 0:03:14]} Qd3 {[%clk 0:10:25]} 48. Nb7
{[%clk 0:03:09]} d5 {[%clk 0:10:20]} 49. Nc5 {[%clk 0:03:17]} Qc4
{[%clk 0:10:41]} 50. Nd7 {[%clk 0:03:26]} Qb3 {[%clk 0:10:56]} 51. Qc1
{[%clk 0:03:17]} Bg7 {[%clk 0:10:13]} 52. Be5 {[%clk 0:02:59]} Qd1
{[%clk 0:10:35]} 53. Qxc3 {[%clk 0:02:19]} Qg4+ {[%clk 0:11:00]} 54. Kf1
{[%clk 0:02:31]} Qxd7 {[%clk 0:11:26]} 55. Bf4 {[%clk 0:02:20]} Qe8
{[%clk 0:11:43]} 56. Qa3 {[%clk 0:02:23]} Qc6 {[%clk 0:12:09]} 57. Qb2
{[%clk 0:02:27]} Qc4+ {[%clk 0:12:15]} 58. Ke1 {[%clk 0:02:45]} Bf8
{[%clk 0:12:40]} 0-1